[Event "World Blitz 2025"]
[Site "Doha QAT"]
[Date "2025.12.29"]
[Round "7.21"]
[White "Hovhannisyan, Robert"]
[Black "Giri, Anish"]
[Result "1/2-1/2"]
[WhiteTitle "GM"]
[BlackTitle "GM"]
[WhiteElo "2621"]
[BlackElo "2760"]
[WhiteFideId "13302507"]
[BlackFideId "24116068"]
[EventDate "2025.12.29"]

1. e4 c5 2. Nf3 d6 3. d4 cxd4 4. Qxd4 Nf6 5. Nc3 Nc6 6. Bb5 Bd7 7. Bxc6 Bxc6 8.
Bg5 h6 9. Bxf6 gxf6 10. O-O-O e6 11. Rhe1 Be7 12. Qd3 a6 13. Nd4 Bd7 14. Kb1 Qa5
15. f4 O-O-O 16. Qh3 Kb8 17. f5 Rde8 18. Qh5 Ref8 19. a3 Bd8 20. Nb3 Qb6 21. Rd3
Be7 22. Red1 Bc8 23. Nd2 Qc6 24. Rd4 Bd8 25. Nb3 Be7 26. g3 Qc7 27. Nd2 Rh7 28.
Qe2 h5 29. Nc4 Rd8 30. Qd3 h4 31. Nxd6 Bxd6 32. Rxd6 Rxd6 33. Qxd6 Qxd6 34. Rxd6
hxg3 35. hxg3 Rh1+ 36. Rd1 Rh3 37. Rd3 exf5 38. Rf3 fxe4 39. Nxe4 f5 40. Nd6 Rh5
41. b3 Be6 42. Kb2 Kc7 43. Ne8+ Kd8 44. Nd6 Kc7 45. Ne8+ Kd8 46. Nd6 b6 47. Kc3
Kc7 48. Nc4 Rh3 49. Ne3 f4 50. Rxf4 Rxg3 51. Kd4 a5 52. c4 Rg5 53. b4 axb4 54.
axb4 Rg1 55. Nd5+ Kc6 56. b5+ Kb7 57. Ne3 Rg8 58. Nf5 Rd8+ 59. Kc3 Bxf5 60. Rxf5
Rd7 61. Rf6 Kc7 62. Kb4 Kb7 63. Rf1 Kc7 64. Rf2 Kb7 65. Kc3 Kc7 66. Rf6 Kb7 67.
Kb4 Kc7 68. Rf4 Kb7 69. c5 bxc5+ 70. Kxc5 Rc7+ 71. Kb4 Re7 1/2-1/2

[Event "World Blitz 2025"]
[Site "Doha QAT"]
[Date "2025.12.29"]
[Round "7.22"]
[White "Maghsoodloo, Parham"]
[Black "Pantsulaia, Levan"]
[Result "0-1"]
[WhiteTitle "GM"]
[BlackTitle "GM"]
[WhiteElo "2708"]
[BlackElo "2472"]
[WhiteFideId "12539929"]
[BlackFideId "13602071"]
[EventDate "2025.12.29"]

1. c4 c5 2. Nf3 b6 3. b3 Bb7 4. Bb2 Nf6 5. g3 e6 6. Bg2 Be7 7. O-O d6 8. e3 O-O
9. Qe2 Nbd7 10. Rd1 a6 11. Nc3 Rc8 12. Rac1 Qc7 13. d4 cxd4 14. exd4 Rfe8 15. a4
Bf8 16. h3 Qb8 17. Ba3 d5 18. Bxf8 Nxf8 19. Qa2 dxc4 20. bxc4 Qc7 21. Nb1 Red8
22. Nbd2 Ng6 23. Qa3 h5 24. h4 Ne7 25. a5 bxa5 26. Nb3 Nf5 27. d5 exd5 28. c5
Bc6 29. Nxa5 Bb5 30. c6 d4 31. Rc5 g6 32. Ne5 d3 33. Nb7 Rd4 34. Qc3 Re8 35. Nf3
Ne4 36. Qa1 Ra4 37. Qc1 Nxc5 38. Qxc5 Qxc6 39. Ng5 Qxc5 40. Nxc5 Rd4 41. Nge4
Kg7 42. Nc3 d2 43. Nb3 Re1+ 0-1

[Event "World Blitz 2025"]
[Site "Doha QAT"]
[Date "2025.12.29"]
[Round "7.23"]
[White "Bharath, Subramaniyam H"]
[Black "Nihal, Sarin"]
[Result "1/2-1/2"]
[WhiteTitle "GM"]
[BlackTitle "GM"]
[WhiteElo "2576"]
[BlackElo "2701"]
[WhiteFideId "46634827"]
[BlackFideId "25092340"]
[EventDate "2025.12.29"]

1. e4 e5 2. Nf3 Nc6 3. Bc4 Bc5 4. d3 Nf6 5. O-O h6 6. c3 d6 7. Re1 O-O 8. h3 a6
9. a4 a5 10. Bb3 Re8 11. Bc2 d5 12. Nbd2 dxe4 13. dxe4 Nh5 14. Nf1 Nf6 15. Be3
Bxe3 16. Nxe3 Be6 17. Qe2 Qe7 18. Qb5 Bd7 19. Qc4 Be6 20. Nd5 Qd8 21. Rad1 Nd7
22. Qb5 Qc8 23. Nh4 Ne7 24. Qe2 c6 25. Nxe7+ Rxe7 26. Qe3 Qc7 27. Rd2 Nf6 28.
Red1 Rd7 29. Nf3 Rxd2 30. Rxd2 b6 31. Rd1 Kf8 32. b4 Nd7 33. Rb1 Kg8 34. Nd2 c5
35. b5 c4 36. Rd1 Nc5 37. Nf3 f6 38. Qd2 Nb7 39. Qe2 Rd8 40. Nh4 Rxd1+ 41. Qxd1
Qd7 42. Qxd7 Bxd7 43. Nf3 Nc5 44. Nd2 Be6 45. Kf1 Kf8 46. Ke2 Ke7 47. Ke3 Kd6
48. f3 g5 49. Bd1 Nb3 50. Nb1 h5 51. Na3 h4 52. Be2 Kc5 53. Bd1 Nc1 54. Bc2 Nd3
55. Bd1 Nf4 56. Kf2 Bf7 57. Bc2 Be6 58. Nb1 Nd3+ 59. Ke2 f5 60. Nd2 Nc1+ 61. Ke3
f4+ 62. Kf2 Nb3 63. Nb1 Bf7 64. Bd1 Be6 65. Bc2 Bd7 66. Na3 Nc1 67. Ke1 Be6 68.
Kd2 Nb3+ 69. Ke1 Kd6 70. Bd1 Nc5 71. Bc2 Nd3+ 72. Kd2 Kc5 73. Nb1 Nf2 74. Ke2
Nd3 75. Na3 Bf7 76. Bd1 Nb2 77. Bc2 Be6 78. Kd2 Bg8 79. Ke2 Nd3 80. Bd1 Be6 81.
Bc2 Nc1+ 82. Kd2 Nb3+ 83. Ke1 Kd6 84. Bd1 Nc5 85. Bc2 Ke7 86. Ke2 Kf6 87. Nb1
Ke7 88. Na3 Kd6 1/2-1/2

[Event "World Blitz 2025"]
[Site "Doha QAT"]
[Date "2025.12.29"]
[Round "7.24"]
[White "Martirosyan, Haik M."]
[Black "Muradli, Mahammad"]
[Result "0-1"]
[WhiteTitle "GM"]
[BlackTitle "GM"]
[WhiteElo "2625"]
[BlackElo "2581"]
[WhiteFideId "13306553"]
[BlackFideId "13409301"]
[EventDate "2025.12.29"]

1. d4 d5 2. c4 e6 3. Nf3 Nf6 4. Nc3 dxc4 5. e4 b5 6. e5 Nd5 7. Nxb5 Nb6 8. Be2
Nc6 9. Be3 Bb7 10. a3 Qd7 11. Nc3 Ne7 12. Qc2 Nf5 13. Rd1 Be7 14. O-O O-O 15.
Ne4 Qa4 16. Qb1 Nxe3 17. fxe3 Qb3 18. Nc3 Bxf3 19. Bxf3 Rab8 20. Be4 Bxa3 21.
Bxh7+ Kh8 22. Qe4 Be7 23. Rf3 Bg5 24. Rdf1 Qxb2 25. Nd1 Qd2 26. Qg4 Bh6 27. R3f2
Bxe3 28. Nxe3 Qxe3 29. Bc2 Nd5 30. Kh1 Rb2 31. h3 Qh6 32. Rxf7 Rxf7 33. Rxf7
Rxc2 34. Qe4 Kg8 35. Qf3 Rc1+ 0-1

[Event "World Blitz 2025"]
[Site "Doha QAT"]
[Date "2025.12.29"]
[Round "7.25"]
[White "Grischuk, Alexander"]
[Black "Idani, Pouya"]
[Result "1-0"]
[WhiteTitle "GM"]
[BlackTitle "GM"]
[WhiteElo "2654"]
[BlackElo "2611"]
[WhiteFideId "4126025"]
[BlackFideId "12510130"]
[EventDate "2025.12.29"]

1. e4 e5 2. Nf3 d6 3. d4 exd4 4. Nxd4 Nf6 5. Nc3 Be7 6. Be2 O-O 7. O-O Re8 8.
Bf3 a6 9. Re1 h6 10. a4 c5 11. Nf5 Nc6 12. Nxe7+ Qxe7 13. Be3 Be6 14. h3 Rad8
15. Nd5 Bxd5 16. exd5 Ne5 17. Be2 Ned7 18. c3 Qe5 19. Bf3 Qf5 20. g4 Qg6 21. Bg2
Ne4 22. f3 Nef6 23. f4 Nh7 24. Qb1 Qf6 25. Qd3 Nhf8 26. Rf1 c4 27. Qd2 Nc5 28.
g5 hxg5 29. fxg5 Qg6 30. Bxc5 dxc5 31. Rae1 Rxe1 32. Rxe1 Qd6 33. h4 Ng6 34. Qf2
Nf4 35. Rf1 Nxg2 36. Qxf7+ Kh8 37. Kxg2 Qxd5+ 38. Qxd5 Rxd5 39. a5 Kg8 40. Kg3
Rd6 41. h5 b6 42. axb6 Rxb6 43. Rf2 a5 44. g6 a4 45. Kg4 Rb3 46. Rd2 Kf8 47.
Rd8+ Ke7 48. Rg8 Kf6 49. Rf8+ Ke6 50. h6 Rxb2 51. hxg7 1-0

[Event "World Blitz 2025"]
[Site "Doha QAT"]
[Date "2025.12.29"]
[Round "7.26"]
[White "Jobava, Baadur"]
[Black "Pranesh, M"]
[Result "1-0"]
[WhiteTitle "GM"]
[BlackTitle "GM"]
[WhiteElo "2568"]
[BlackElo "2627"]
[WhiteFideId "13601520"]
[BlackFideId "35028600"]
[EventDate "2025.12.29"]

1. e4 e5 2. Nf3 Nc6 3. c3 Nf6 4. d3 d5 5. Qc2 Bc5 6. Be2 O-O 7. O-O Re8 8. b4
Bd6 9. Nbd2 d4 10. b5 dxc3 11. bxc6 cxd2 12. Bxd2 b6 13. h3 Qe7 14. Be3 a5 15.
Rfe1 Ba6 16. Nh4 g6 17. Bg5 Bb4 18. Rf1 Bc5 19. Kh1 Qe6 20. f4 exf4 21. Rxf4 Qe5
22. Bxf6 Qxf4 23. Rf1 Qg3 24. Rf3 Qe1+ 25. Rf1 Qg3 26. Rf3 Qd6 27. Qc1 Re6 28.
Nf5 Qxc6 29. Nh6+ Kf8 30. Bg7+ Ke8 31. Rxf7 Be7 32. Qf4 Qd6 33. e5 Qb4 34. Qf3
Rd8 35. Kh2 Rd4 36. Qa8+ Rd8 37. Qxa6 Bg5 38. Rf8+ Kd7 39. Rxd8+ Bxd8 40. Qc4
Qxc4 41. dxc4 Re8 42. Bg4+ Kc6 43. e6 Bg5 44. Nf7 Be3 45. Be5 Bd2 46. Bf3+ Kc5
47. Bd5 c6 48. Nd6 Re7 1-0

[Event "World Blitz 2025"]
[Site "Doha QAT"]
[Date "2025.12.29"]
[Round "7.27"]
[White "Murzin, Volodar"]
[Black "Bjerre, Jonas Buhl"]
[Result "1-0"]
[WhiteTitle "GM"]
[BlackTitle "GM"]
[WhiteElo "2648"]
[BlackElo "2623"]
[WhiteFideId "44155573"]
[BlackFideId "1444948"]
[EventDate "2025.12.29"]

1. e4 e5 2. Nf3 Nc6 3. Bc4 d6 4. c3 f5 5. d3 f4 6. d4 Qf6 7. Na3 Bd7 8. Nb5 Kd8
9. Na3 g5 10. h3 h5 11. h4 g4 12. Ng5 Nh6 13. Nc2 Kc8 14. Qd3 Be7 15. Bd2 Qg6
16. O-O-O Bxg5 17. hxg5 Qxg5 18. g3 Rf8 19. Bd5 Nd8 20. dxe5 dxe5 21. Rh2 Nc6
22. Rdh1 Be8 23. Bxc6 bxc6 24. Qa6+ Kb8 25. Nb4 Rf6 26. Qa5 Qg7 27. Qxe5 fxg3
28. Na6+ Kc8 29. Qxe8+ Kb7 30. Nc5+ Kb6 31. Qxa8 gxh2 32. Qb7+ Kxc5 33. Qb4# 1-0

[Event "World Blitz 2025"]
[Site "Doha QAT"]
[Date "2025.12.29"]
[Round "7.28"]
[White "Sindarov, Javokhir"]
[Black "Lobanov, Sergei"]
[Result "1-0"]
[WhiteTitle "GM"]
[BlackTitle "GM"]
[WhiteElo "2726"]
[BlackElo "2527"]
[WhiteFideId "14205483"]
[BlackFideId "24183750"]
[EventDate "2025.12.29"]

1. e4 e5 2. Nf3 Nc6 3. Bc4 Bc5 4. Nc3 Nf6 5. d3 a6 6. Be3 d6 7. Bxc5 dxc5 8. Nd5
Be6 9. Ne3 Bxc4 10. Nxc4 Nd7 11. O-O O-O 12. a4 b5 13. Ne3 Nd4 14. Nd2 Nb6 15.
b3 Qe7 16. Kh1 Ne6 17. g3 Rad8 18. f4 exf4 19. gxf4 Nd4 20. Nf3 c4 21. Nxd4 Rxd4
22. Nf5 Qd8 23. axb5 axb5 24. Qg4 g6 25. Nxd4 Qxd4 26. bxc4 bxc4 27. Qg3 cxd3
28. cxd3 c5 29. Rad1 c4 30. Qf2 Rd8 31. Qxd4 Rxd4 32. dxc4 Rxc4 33. Rd6 Na4 34.
f5 Kg7 35. f6+ Kh6 36. e5 1-0

[Event "World Blitz 2025"]
[Site "Doha QAT"]
[Date "2025.12.29"]
[Round "7.29"]
[White "Moussard, Jules"]
[Black "Vetokhin, Savva"]
[Result "1-0"]
[WhiteTitle "GM"]
[BlackTitle "GM"]
[WhiteElo "2600"]
[BlackElo "2572"]
[WhiteFideId "642908"]
[BlackFideId "44144474"]
[EventDate "2025.12.29"]

1. Nf3 Nf6 2. b3 d5 3. e3 e6 4. Bb2 Be7 5. d4 O-O 6. Bd3 b6 7. Nbd2 Bb7 8. O-O
Nbd7 9. c4 c5 10. Qe2 Rc8 11. Rac1 Qc7 12. cxd5 Nxd5 13. a3 Qb8 14. Ne5 N7f6 15.
dxc5 Rxc5 16. Rxc5 Bxc5 17. h3 Rd8 18. b4 Be7 19. Ndf3 h6 20. Rc1 Rc8 21. Rxc8+
Qxc8 22. Qc2 Qxc2 23. Bxc2 Bd6 24. Kf1 Kf8 25. Ke2 Ke7 26. g4 Bc7 27. Bd3 Ne8
28. h4 f6 29. Ng6+ Kf7 30. h5 Ne7 31. Nd4 Bd5 32. e4 Bb7 33. Bc4 Nxg6 34. Bxe6+
Ke7 35. hxg6 Bxe4 36. Bf5 Bd5 37. Bd3 Nd6 38. b5 Kf8 39. a4 Nc4 40. Bc1 Be5 41.
Nf5 Nd6 42. Ba3 Be6 43. Bxd6+ Bxd6 44. Nxd6 Bxg4+ 45. f3 Be6 46. Bf5 Bb3 47. Kd3
Bxa4 48. Kc4 h5 49. Nc8 Bd1 50. f4 h4 51. Nxa7 Bf3 52. Nc8 Be2+ 53. Kb4 Bf1 54.
Nxb6 h3 55. Nc4 Ke7 56. b6 Kd8 57. Kc5 Bg2 58. Bxh3 Bxh3 59. Nd6 Kd7 60. Ne8 Bf5
61. b7 1-0

[Event "World Blitz 2025"]
[Site "Doha QAT"]
[Date "2025.12.29"]
[Round "7.30"]
[White "Mamedov, Edgar"]
[Black "Alekseenko, Kirill"]
[Result "1-0"]
[WhiteTitle "GM"]
[BlackTitle "GM"]
[WhiteElo "2492"]
[BlackElo "2659"]
[WhiteFideId "13739980"]
[BlackFideId "4135539"]
[EventDate "2025.12.29"]

1. c4 e5 2. Nc3 d6 3. g3 Nc6 4. Bg2 Be6 5. d3 Qd7 6. Rb1 g6 7. b4 a6 8. Nf3 Bh3
9. O-O Bg7 10. Nd5 Bxg2 11. Kxg2 Nge7 12. Bh6 Kf8 13. Qc1 Nxd5 14. cxd5 Ne7 15.
e4 f6 16. d4 Kf7 17. dxe5 dxe5 18. Be3 Nc8 19. Qc2 Nd6 20. Nd2 Rhe8 21. Bc5 Kg8
22. Nc4 Nf7 23. Be3 f5 24. f3 Rad8 25. a4 b5 26. axb5 axb5 27. Na5 Nd6 28. Bc5
Rf8 29. Bxd6 cxd6 30. Qc6 Qa7 31. Qxb5 fxe4 32. fxe4 Qe3 33. Rbe1 Qd2+ 34. Qe2
Qc3 35. Nc6 Ra8 36. Rxf8+ Bxf8 37. Rf1 Qb3 38. Qf3 Bg7 39. Qxb3 1-0

[Event "World Blitz 2025"]
[Site "Doha QAT"]
[Date "2025.12.29"]
[Round "7.31"]
[White "Narayanan, S.L."]
[Black "Sapenov, Daniyal"]
[Result "1-0"]
[WhiteTitle "GM"]
[BlackTitle "IM"]
[WhiteElo "2616"]
[BlackElo "2440"]
[WhiteFideId "5058422"]
[BlackFideId "13728911"]
[EventDate "2025.12.29"]

1. d4 Nf6 2. c4 e6 3. Nf3 d5 4. Nc3 c5 5. cxd5 cxd4 6. Qxd4 exd5 7. Be3 Nc6 8.
Qd3 Bb4 9. g3 Ne4 10. Bg2 Bf5 11. Nh4 Nxc3 12. Nxf5 Ne4+ 13. Kf1 O-O 14. Bxe4
dxe4 15. Qxe4 Re8 16. Qf4 Qd5 17. Qf3 Qe5 18. Kg2 Qxb2 19. Rab1 Qe5 20. Rhc1 Qe4
21. Qxe4 Rxe4 22. Rd1 g6 23. Nh6+ Kg7 24. Rd7 Rxe3 25. fxe3 Kxh6 26. Rxb7 a5 27.
Rxf7 Re8 28. Rc1 Ne5 29. Ra7 Ng4 30. Rcc7 Nf6 31. Kf3 Bd2 32. Re7 Rc8 33. g4 Rc5
34. h4 g5 35. Ra6 Bc3 36. h5 Rc8 37. e4 Rc4 38. e3 Rc5 39. Rf7 Rb5 40. Rfxf6+
Bxf6 41. Rxf6+ Kg7 42. Rf5 1-0

[Event "World Blitz 2025"]
[Site "Doha QAT"]
[Date "2025.12.29"]
[Round "7.32"]
[White "Goutham Krishna H"]
[Black "Santos Latasa, Jaime"]
[Result "1-0"]
[WhiteTitle "IM"]
[BlackTitle "GM"]
[WhiteElo "2433"]
[BlackElo "2616"]
[WhiteFideId "25983504"]
[BlackFideId "2293307"]
[EventDate "2025.12.29"]

1. b3 d5 2. Bb2 c5 3. e3 a6 4. Nf3 Nc6 5. d4 cxd4 6. Nxd4 Nf6 7. Nxc6 bxc6 8.
Nd2 e6 9. Bd3 Bd6 10. O-O O-O 11. Nf3 Re8 12. c4 e5 13. Be2 Bf5 14. Rc1 Qd7 15.
Qd2 a5 16. cxd5 cxd5 17. a4 Qb7 18. Bb5 Bd7 19. Bxd7 Nxd7 20. Rfd1 Nf6 21. Rb1
h6 22. h3 Qa6 23. Ba1 Rab8 24. Qc2 g6 25. Qd2 Rbd8 26. Qe1 Kh7 27. Bc3 Bc7 28.
Rbc1 Rd7 29. Bb2 d4 30. exd4 exd4 31. Qf1 Qb7 32. Bxd4 Ne4 33. Qc4 Bf4 34. Rb1
Rc8 35. Qe2 Re7 36. Qd3 Rd7 37. Qe2 Re7 38. Qf1 Rce8 39. Qb5 Qa8 40. b4 Nd6 41.
Qxa5 Qe4 42. Qa6 Nf5 43. Bc5 Re6 44. Qf1 g5 45. a5 h5 46. Re1 Qb7 47. Rxe6 Rxe6
48. Re1 Rg6 49. Qd3 Ng7 50. g3 g4 51. hxg4 hxg4 52. Nh4 Bg5 53. Nxg6 fxg6 54.
Qe4 Qd7 55. a6 Nf5 56. a7 1-0

[Event "World Blitz 2025"]
[Site "Doha QAT"]
[Date "2025.12.29"]
[Round "7.33"]
[White "Sargsyan, Shant"]
[Black "Drygalov, Sergey"]
[Result "1-0"]
[WhiteTitle "GM"]
[BlackTitle "GM"]
[WhiteElo "2665"]
[BlackElo "2571"]
[WhiteFideId "13306766"]
[BlackFideId "24171743"]
[EventDate "2025.12.29"]

1. Nf3 d5 2. e3 Nf6 3. c4 e6 4. b3 Bd6 5. Bb2 c6 6. d4 O-O 7. Bd3 Nbd7 8. O-O b6
9. Nbd2 Bb7 10. Qe2 c5 11. e4 dxe4 12. Nxe4 Be7 13. Rad1 Qc7 14. dxc5 Nxc5 15.
Be5 Qc6 16. Nd4 Qc8 17. Nxf6+ gxf6 18. Qg4+ Kh8 19. Qh4 Be4 20. Bxf6+ Bxf6 21.
Qxf6+ Kg8 22. Bxe4 Nxe4 23. Qe5 Nc5 24. Rfe1 f6 25. Qg3+ Kh8 26. b4 e5 27. bxc5
exd4 28. cxb6 axb6 29. Rxd4 Qf5 30. h3 Rg8 31. Qf4 Qg6 32. g3 Ra5 33. Rd5 Rxa2
34. Rd6 Rb2 35. Rxf6 Qd3 36. Rf7 Qc3 37. Ree7 Rxg3+ 38. Qxg3 Rb1+ 39. Kh2 1-0

[Event "World Blitz 2025"]
[Site "Doha QAT"]
[Date "2025.12.29"]
[Round "7.34"]
[White "Matlakov, Maxim"]
[Black "Stribuk, Artiom"]
[Result "1/2-1/2"]
[WhiteTitle "GM"]
[BlackTitle "IM"]
[WhiteElo "2606"]
[BlackElo "2476"]
[WhiteFideId "4168003"]
[BlackFideId "13515659"]
[EventDate "2025.12.29"]

1. d4 Nf6 2. Nf3 d5 3. c4 c6 4. cxd5 cxd5 5. Nc3 Nc6 6. Bf4 Bf5 7. e3 e6 8. Bb5
Nd7 9. O-O Be7 10. Rc1 Rc8 11. h3 a6 12. Be2 O-O 13. Na4 Qa5 14. a3 b5 15. Nc5
Nxc5 16. dxc5 b4 17. Nd4 bxa3 18. Nxf5 exf5 19. bxa3 Rfd8 20. Qd3 Bxc5 21. Qxa6
Qxa3 22. Qb5 Ne7 23. Bg5 f6 24. Bf4 Qb4 25. Qa6 Qb6 26. Qa2 Bd6 27. Rb1 Qc7 28.
Bxd6 Qxd6 29. Rfd1 Ra8 30. Qc2 Rac8 31. Qd3 g6 32. g3 Kg7 33. Rb7 Rc7 34. Rdb1
Rxb7 35. Rxb7 Rd7 36. Rb1 d4 37. Rd1 Nc6 38. Qb3 Qe7 39. Qa4 dxe3 40. Qxc6 Rxd1+
41. Bxd1 e2 42. Bxe2 Qxe2 43. Qc7+ Kg8 1/2-1/2

[Event "World Blitz 2025"]
[Site "Doha QAT"]
[Date "2025.12.29"]
[Round "7.35"]
[White "Smirnov, Mark"]
[Black "Ponomariov, Ruslan"]
[Result "1/2-1/2"]
[WhiteTitle "FM"]
[BlackTitle "GM"]
[WhiteElo "2420"]
[BlackElo "2639"]
[WhiteFideId "13764594"]
[BlackFideId "14103320"]
[EventDate "2025.12.29"]

1. Nf3 d5 2. e3 Nf6 3. c4 e6 4. b3 Bd6 5. Bb2 O-O 6. Nc3 Re8 7. d4 b6 8. Bd3 Bb7
9. O-O Nbd7 10. Qc2 dxc4 11. Bxc4 Bxf3 12. gxf3 e5 13. Ne2 a6 14. a4 Qb8 15.
dxe5 Nxe5 16. Bxe5 Bxe5 17. Rad1 b5 18. Bd3 bxa4 19. bxa4 Qb2 20. f4 Qxc2 21.
Bxc2 Bd6 22. Nd4 g6 23. Nc6 Nd7 24. Rb1 Nb8 25. Na5 Nd7 26. Nc4 Kf8 27. a5 Nc5
28. Rfd1 Ke7 29. Nxd6 cxd6 30. Rb6 Red8 31. Kf1 Rac8 32. Rd2 Rc7 33. Bd1 Rb7 34.
Rxb7+ Nxb7 35. Be2 Nxa5 36. Bxa6 Nb3 37. Rd1 Nc5 38. Bc4 Rb8 39. Ra1 Rb7 40. Bd5
Rc7 41. Ke2 Nd7 42. Kf3 Nf6 43. Bb3 Nd7 44. Ra8 Kf6 45. Rh8 h5 46. Ra8 Ke7 47.
Ra1 Rb7 48. Bd5 Rc7 49. Rb1 Nf6 50. Ba2 Ra7 51. Rb2 d5 52. h3 Ke6 53. Rb6+ Ke7
54. Bb1 Nd7 55. Rc6 Rb7 56. Ba2 Nf6 57. Rc2 Kd6 58. Rc1 Rb2 59. Bb1 Nd7 60. Bd3
Nc5 61. Be2 Ne4 62. Ra1 Ke7 63. Ra7+ Ke6 64. Ra6+ Ke7 65. h4 Rd2 66. Ra7+ Kf6
67. Ra6+ Ke7 68. Ra7+ Ke6 69. Ra6+ Ke7 70. Ra1 Nc3 71. Ra7+ Ke6 72. Bf1 Ne4 73.
Be2 Rb2 74. Ra6+ Ke7 75. Ra7+ Ke6 76. Ra6+ 1/2-1/2

[Event "World Blitz 2025"]
[Site "Doha QAT"]
[Date "2025.12.29"]
[Round "7.36"]
[White "Bai, Jinshi"]
[Black "Niemann, Hans Moke"]
[Result "0-1"]
[WhiteTitle "GM"]
[BlackTitle "GM"]
[WhiteElo "2599"]
[BlackElo "2725"]
[WhiteFideId "8602280"]
[BlackFideId "2093596"]
[EventDate "2025.12.29"]

1. Nf3 Nf6 2. g3 c5 3. Bg2 Nc6 4. O-O e5 5. e4 Be7 6. c4 d6 7. Nc3 O-O 8. d3 h6
9. h3 a6 10. a4 Rb8 11. Kh2 Be6 12. b3 Re8 13. Bd2 Bf8 14. Nd5 b6 15. Bc3 Nd4
16. Nxd4 cxd4 17. Bd2 Nxd5 18. cxd5 Bd7 19. f4 b5 20. a5 b4 21. Qf3 f6 22. Rfc1
Rb5 23. Rc4 Rxa5 24. Rxa5 Qxa5 25. Bxb4 Qb6 26. Qd1 a5 27. Be1 Rb8 28. fxe5 dxe5
29. Bf1 Bd6 30. Kg2 Kh7 31. h4 f5 32. h5 Rf8 33. Be2 Bb5 34. Rc1 fxe4 35. dxe4
Bd7 36. Bg4 Bxg4 37. Qxg4 Rf6 38. Rc6 Qb5 39. Rxd6 Qf1+ 40. Kh2 Rxd6 41. Bxa5
Rf6 0-1

[Event "World Blitz 2025"]
[Site "Doha QAT"]
[Date "2025.12.29"]
[Round "7.37"]
[White "Martinez Alcantara, Jose Eduardo"]
[Black "Kozak, Adam"]
[Result "0-1"]
[WhiteTitle "GM"]
[BlackTitle "GM"]
[WhiteElo "2667"]
[BlackElo "2546"]
[WhiteFideId "3805662"]
[BlackFideId "753246"]
[EventDate "2025.12.29"]

1. e4 e5 2. Nf3 Nc6 3. Bb5 Nf6 4. Nc3 Bb4 5. d3 d6 6. O-O Bxc3 7. bxc3 O-O 8.
Re1 Ne7 9. d4 Ng6 10. h3 a6 11. Bd3 b6 12. c4 Re8 13. c5 bxc5 14. dxe5 dxe5 15.
Be3 Qd6 16. Nd2 Be6 17. Qe2 h6 18. a4 Qc6 19. c4 Rab8 20. Qd1 Qd6 21. Qc2 Ne7
22. Nb3 Nd7 23. Na5 Qb6 24. Bd2 Qb2 25. Qd1 Qd4 26. Ra3 Qd6 27. Qc2 Nf8 28. Rd1
Nc6 29. Nxc6 Qxc6 30. Qc3 Ng6 31. Be3 Red8 32. Raa1 Rd6 33. Bc2 Rb4 34. Bd3 a5
35. Rdc1 Nf4 36. Bf1 f6 37. Qa3 g5 38. Kh2 Kg7 39. Rc3 Bf7 40. Re1 Ne6 41. Ra1
Nd4 42. Qa2 Qb6 43. Qa3 Rd8 44. h4 Be6 45. Qc1 Kg6 46. Qe1 Qc6 47. f3 Rb2 48.
Kg1 Kf7 49. Rac1 Rg8 50. hxg5 hxg5 51. Ra3 g4 52. f4 Nf3+ 53. gxf3 gxf3+ 54. Kh1
Qxe4 55. Qh4 f2+ 56. Kh2 Rbb8 57. Qh5+ Ke7 58. Bxc5+ Kd7 59. Rd1+ Kc6 60. Qf3
Qxf3 61. Rxf3 Bg4 62. Rxf2 Bxd1 63. Be7 Rg4 64. fxe5 Rh8+ 65. Bh3 Rgh4 66. Rxf6+
Kb7 67. Rf3 Bxf3 68. Bxh4 Rxh4 69. Kg3 Rh8 70. Bd7 Bc6 0-1

[Event "World Blitz 2025"]
[Site "Doha QAT"]
[Date "2025.12.29"]
[Round "7.38"]
[White "Kosakowski, Jakub"]
[Black "Le, Quang Liem"]
[Result "1-0"]
[WhiteTitle "GM"]
[BlackTitle "GM"]
[WhiteElo "2549"]
[BlackElo "2731"]
[WhiteFideId "1185080"]
[BlackFideId "12401137"]
[EventDate "2025.12.29"]

1. e4 e5 2. Nf3 Nc6 3. d4 exd4 4. Nxd4 Qf6 5. Ne2 Bc5 6. Nf4 Nge7 7. Nc3 O-O 8.
Be2 Nd4 9. O-O Nxe2+ 10. Qxe2 b6 11. Be3 Bxe3 12. Qxe3 Bb7 13. Rad1 d6 14. Rfe1
Rae8 15. b3 Qe5 16. Qg3 a6 17. Re3 Qc5 18. Rde1 b5 19. R1e2 Ng6 20. Nxg6 hxg6
21. e5 b4 22. Na4 Qd4 23. h3 dxe5 24. Rxe5 Qd1+ 25. Kh2 Qxe2 26. Rxe2 Rxe2 27.
Qxc7 Be4 28. Qc4 Re1 29. Qxb4 Rf1 30. Qxe4 Rxf2 31. Nc5 Rc8 32. b4 a5 33. a3
axb4 34. axb4 Rd8 35. b5 Rf5 36. Qb4 Rdd5 37. b6 Rxc5 38. b7 Rb5 39. b8=Q+ Rxb8
40. Qxb8+ Kh7 41. c4 1-0

[Event "World Blitz 2025"]
[Site "Doha QAT"]
[Date "2025.12.29"]
[Round "7.39"]
[White "Nguyen, Ngoc Truong Son"]
[Black "Robson, Ray"]
[Result "0-1"]
[WhiteTitle "GM"]
[BlackTitle "GM"]
[WhiteElo "2600"]
[BlackElo "2650"]
[WhiteFideId "12401110"]
[BlackFideId "2023970"]
[EventDate "2025.12.29"]

1. e4 e5 2. Nf3 Nc6 3. Nc3 Nf6 4. d4 exd4 5. Nxd4 Nxe4 6. Nxe4 Qe7 7. Nb5 Qxe4+
8. Be2 Bb4+ 9. c3 Ba5 10. O-O O-O 11. Bd3 Qh4 12. Be3 a6 13. Na3 d5 14. Nc2 Ne5
15. Be2 c6 16. Re1 Bg4 17. Qd4 Qh5 18. Bxg4 Nxg4 19. Bf4 Qf5 20. Ne3 Nxe3 21.
Rxe3 Rac8 22. Bd6 Rfd8 23. Rae1 h6 24. Rf3 Re8 25. Be5 Qh5 26. Rfe3 f6 27. Bd6
Rxe3 28. Qxe3 Qf5 29. h3 Rd8 30. Qc5 Qd7 31. Bf4 b6 32. Qe3 c5 33. Qg3 Kh7 34.
Bc7 Re8 35. Rxe8 Qxe8 36. Qd3+ Qe4 37. Qxe4+ dxe4 38. c4 Kg6 39. g4 Kf7 40. Kf1
Ke6 41. Ke2 Kd7 42. Bf4 b5 43. Ke3 bxc4 44. Kxe4 Ke6 45. Be3 Bb4 46. f4 c3 47.
f5+ Kd6 48. b3 c2 49. Kd3 Kd5 50. Kxc2 Ke4 51. Bg1 Kf3 52. Kb2 Kg2 53. Be3 Kxh3
54. a3 Kxg4 55. axb4 cxb4 56. Bc5 h5 57. Bxb4 h4 58. Ka3 Kxf5 59. Ka4 g5 60. Ka5
g4 61. Be1 g3 62. Kxa6 Kg4 63. b4 h3 64. b5 h2 0-1

[Event "World Blitz 2025"]
[Site "Doha QAT"]
[Date "2025.12.29"]
[Round "7.40"]
[White "Rapport, Richard"]
[Black "Gurel, Ediz"]
[Result "1-0"]
[WhiteTitle "GM"]
[BlackTitle "GM"]
[WhiteElo "2741"]
[BlackElo "2645"]
[WhiteFideId "738590"]
[BlackFideId "44507356"]
[EventDate "2025.12.29"]

1. e4 c5 2. Nf3 e6 3. d3 Nc6 4. g3 Nf6 5. Bg2 d6 6. O-O Be7 7. Re1 O-O 8. a4 a6
9. c3 e5 10. Nbd2 h6 11. Nh4 Be6 12. Nf5 d5 13. Qf3 d4 14. Nc4 b5 15. axb5 axb5
16. Rxa8 Qxa8 17. Nxe7+ Nxe7 18. Nxe5 dxc3 19. bxc3 Qa1 20. Bd2 Qb2 21. Qe2 b4
22. Rc1 b3 23. Qd1 Qa2 24. c4 Ng4 25. Nxg4 Bxg4 26. f3 Be6 27. Bc3 Qa4 28. Ra1
Qd7 29. Bf1 Rb8 30. d4 cxd4 31. Qxd4 Qxd4+ 32. Bxd4 Nc6 33. Bc3 b2 34. Rb1 Rb3
35. Bxb2 Rxf3 36. Rc1 Rb3 37. Bc3 f6 38. Kf2 Kf7 39. Ke1 Ra3 40. Kd2 Ra2+ 41.
Rc2 Ra4 42. c5 Bc4 43. Bg2 Ke6 44. Rb2 Ra6 45. Bh3+ Kf7 46. Rb7+ Kf8 47. Bd7
Ra2+ 48. Ke3 Re2+ 49. Kf4 Rf2+ 50. Ke3 Re2+ 51. Kf3 Rc2 52. Bxc6 Rxc3+ 53. Kf2
Be6 54. Rb5 Rc2+ 55. Kf3 Rc3+ 56. Kf2 Rc2+ 57. Ke3 Rxh2 58. Bd5 Bg4 59. Rb8+ Ke7
60. Rb7+ Kf8 61. Rf7+ Ke8 62. Rxg7 h5 63. c6 Kd8 64. Kd4 Rc2 65. Rf7 Rg2 66. Kc5
Rxg3 67. Kd6 Rc3 68. Rf8# 1-0